Telecommunications essentials : the complete global source ; (Record no. 8806)
[ view plain ]
| 000 -LEADER | |
|---|---|
| fixed length control field | 01111cac a22003255a 4500 |
| 008 - FIXED-LENGTH DATA ELEMENTS--GENERAL INFORMATION | |
| fixed length control field | 091108t2007 xxu||||f |||| 001 0 eng d |
| 010 ## - LIBRARY OF CONGRESS CONTROL NUMBER | |
| LC control number | 2006022505 |
| 020 ## - INTERNATIONAL STANDARD BOOK NUMBER | |
| International Standard Book Number | 0321427610 (pbk. : alk. paper) |
| 020 ## - INTERNATIONAL STANDARD BOOK NUMBER | |
| International Standard Book Number | 9780321427618 |
| 035 ## - SYSTEM CONTROL NUMBER | |
| System control number | (OCoLC)ocm70292050 |
| 035 ## - SYSTEM CONTROL NUMBER | |
| System control number | (OCoLC)70292050 |
| 040 ## - CATALOGING SOURCE | |
| Original cataloging agency | EG-ScBUE |
| Language of cataloging | eng |
| Transcribing agency | EG-ScBUE |
| 082 04 - DEWEY DECIMAL CLASSIFICATION NUMBER | |
| Classification number | 621.382 |
| Item number | GOL |
| Edition number | 22 |
| 100 1# - MAIN ENTRY--PERSONAL NAME | |
| Personal name | Goleniewski, Lillian. |
| 9 (RLIN) | 9226 |
| 245 10 - TITLE STATEMENT | |
| Title | Telecommunications essentials : the complete global source ; |
| Remainder of title | the complete global source / |
| Statement of responsibility, etc | Lillian Goleniewski . |
| 250 ## - EDITION STATEMENT | |
| Edition statement | 2nd ed. |
| 260 ## - PUBLICATION, DISTRIBUTION, ETC. (IMPRINT) | |
| Place of publication, distribution, etc | Boston : |
| Name of publisher, distributor, etc | Addison-Wesley, |
| Date of publication, distribution, etc | c2007. |
| 300 ## - PHYSICAL DESCRIPTION | |
| Extent | xxiv. 865 p. : |
| Other physical details | ill,col ; |
| Dimensions | 24 cm. |
| 500 ## - GENERAL NOTE | |
| General note | index 819-865. |
| 500 ## - GENERAL NOTE | |
| General note | Previous ed.: 2002. |
| 500 ## - GENERAL NOTE | |
| General note | Distributer: Bacca |
| 504 ## - BIBLIOGRAPHY, ETC. NOTE | |
| Bibliography, etc | Glossary 715-818. |
| 650 #0 - SUBJECT ADDED ENTRY--TOPICAL TERM | |
| Topical term or geographic name as entry element | Telecommunication. |
| 9 (RLIN) | 9227 |
| Source of heading or term | BUEsh |
| 651 ## - SUBJECT ADDED ENTRY--GEOGRAPHIC NAME | |
| Source of heading or term | BUEsh |
| 653 ## - INDEX TERM--UNCONTROLLED | |
| Resource For college | Informatics and Computer Science |
| Arrived date list | August2015 |
| 655 ## - INDEX TERM--GENRE/FORM | |
| Form subdivision | |
| -- | 33728 |
| 700 1# - ADDED ENTRY--PERSONAL NAME | |
| Personal name | Jarrett, Kitty Wilson. |
| 9 (RLIN) | 9228 |
| 856 41 - ELECTRONIC LOCATION AND ACCESS | |
| Materials specified | Table of contents only |
| Uniform Resource Identifier | <a href="http://www.loc.gov/catdir/toc/ecip0617/2006022505.html">http://www.loc.gov/catdir/toc/ecip0617/2006022505.html</a> |
| 942 ## - ADDED ENTRY ELEMENTS (KOHA) | |
| Item type | Book - Borrowing |
| Call number prefix | 621.382 GOL |
| Source of classification or shelving scheme | Dewey Decimal Classification |
| Withdrawn status | Item status | Source of classification or shelving scheme | Damaged status | Not for loan | Home library | Current library | Shelving location | Date acquired | Source of acquisition | Total Checkouts | Full call number | Barcode | Date last seen | Date last borrowed | Cost, replacement price | Koha item type | Vendor |
|---|---|---|---|---|---|---|---|---|---|---|---|---|---|---|---|---|---|
| Dewey Decimal Classification | Central Library | Central Library | First floor | 25/03/2008 | Purchase | 1 | 621.382 GOL | 000010753 | 15/07/2025 | 27/09/2009 | 319.94 | Book - Borrowing | |||||
| Dewey Decimal Classification | Central Library | Central Library | First floor | 05/11/2009 | 621.382 GOL | 000018805 | 15/07/2025 | Book - Borrowing | Baccah | ||||||||
| Dewey Decimal Classification | Central Library | Central Library | First floor | 05/11/2009 | 1 | 621.382 GOL | 000018804 | 15/07/2025 | 02/04/2012 | Book - Borrowing | Baccah | ||||||
| Dewey Decimal Classification | Central Library | Central Library | First floor | 05/11/2009 | 621.382 GOL | 000018803 | 15/07/2025 | NB - Book (Non borrowing) |